| 000 | 00557nam a2200193 a 4500 | ||
|---|---|---|---|
| 001 | 896 | ||
| 003 | CDMR | ||
| 005 | 20131015172741.0 | ||
| 008 | 130130s1960||||||||||||||||||||||||||||d | ||
| 040 |
_aCDMR _bcat _cCDMR |
||
| 100 | 1 |
_aEspina, Antonio _9699 |
|
| 245 | 1 | 3 |
_aEl cuarto poder _b: cien años de periodismo español _cAntonio Espina |
| 260 |
_aMadrid _c1960 _bAguilar |
||
| 300 |
_a302 p. _bil. _c30 cm |
||
| 490 | 0 | _aPanorama de un Siglo | |
| 650 | 0 | 4 |
_93173 _aPeriodisme _zEspanya _xHistòria |
| 650 | 0 | 4 |
_92742 _aPremsa _zEspanya _yS. XIX-XX |
| 942 |
_cMON _2udc |
||
| 999 |
_c896 _d896 |
||